| 000 | 00570nam a2200205 4500 | ||
|---|---|---|---|
| 008 | |||
| 049 | _aMAIN | ||
| 090 | _aQH431 | ||
| 245 | 0 | 0 |
_aGenetics/ _cH. Kalmus |
| 260 |
_aNew York : _bThe American Museum of Natural History, _c1964. |
||
| 300 |
_a268 p. : _bill. ; _c20 cm. |
||
| 504 | _aIncludes bibliographical references. | ||
| 500 | _aIncludes index. | ||
| 650 | 0 | _aHuman genetics. | |
| 907 |
_a.b10165526 _b14-02-06 _c17-06-05 |
||
| 003 | |||
| 005 | 20230123134019.0 | ||
| 040 | _cNUST | ||
| 942 |
_cBOOKS _kQH431 |
||
| 999 |
_c158532 _d158532 |
||